|
|
|
|
| LEADER |
01377nam a2200373 a 4500 |
| 001 |
000762530 |
| 003 |
CZ BrMZK |
| 005 |
20050325160755.0 |
| 007 |
ta |
| 008 |
050204s2005 xr erl 000 0 cze d |
| 015 |
|
|
|a cnb001494727
|
| 020 |
|
|
|a 80-239-4260-3
|q (brož.)
|
| 035 |
|
|
|a (OCoLC)85133174
|
| 040 |
|
|
|a BOA001
|b cze
|
| 043 |
|
|
|a e-xr---
|
| 072 |
|
7 |
|a 35.07
|x Organizace a řízení veřejné správy
|2 Konspekt
|9 15
|
| 080 |
|
|
|a 35.077
|2 MRF
|
| 080 |
|
|
|a (437.3)
|2 MRF
|
| 080 |
|
|
|a (094.5)
|2 MRF
|
| 100 |
1 |
|
|a Prudilová, Miloslava,
|d 1961-
|7 mzk2005269770
|4 aut
|
| 245 |
1 |
0 |
|a Správní řád /
|c Miloslava Prudilová
|
| 250 |
|
|
|a 1. vyd.
|
| 260 |
|
|
|a Vyškov :
|b TSM,
|c 2005
|
| 300 |
|
|
|a 179 s. ;
|c 21 cm
|
| 500 |
|
|
|a Obálkový podnázev: Účinný od 1.1.2006
|
| 500 |
|
|
|a Dostupné též v digitální podobě v aplikaci Kramerius
|
| 650 |
0 |
7 |
|a správní řízení
|7 ph125982
|z Česko
|2 czenas
|
| 655 |
|
7 |
|a zákony
|7 fd133886
|2 czenas
|
| 856 |
4 |
1 |
|u http://www.digitalniknihovna.cz/mzk/uuid/uuid:42afb2d0-e273-11ec-8436-5ef3fc9bb22f
|y Digitalizovaný dokument
|x NDK
|
| 910 |
|
|
|a BOA001
|b 2-1147.272
|
| 990 |
|
|
|a BK
|
| 991 |
|
|
|b 200503
|c NOV
|
| 996 |
6 |
|
|b 2610242128
|c 2-1147.272
|l MZK
|r Sklad / do 1 hodiny
|n 2
|p p.v.
|w 000762530
|u 000010
|a 1
|e BOA001
|j MZK50
|s P
|
| 996 |
7 |
|
|b 2610784090
|c 2-1147.272
|l MZK
|r Sklad / do 1 hodiny
|n 0
|p dar
|w 000762530
|u 000020
|a 1
|e BOA001
|j MZK50
|s A
|